000 00280nam a2200109Ia 4500
008 220204s9999 xx 000 0 und d
082 _a301
_bGAL
100 _aGallie, D
245 0 _aIn search of the new working class
260 _aLondon
_bCambridge University
_c1978
942 _cBK
999 _c29205
_d29205